000 01514nam a2200349 i 4500
005 20210727153242.0
008 160315s2010 sp gs 000 e spa d
020 _a8496489272
040 _aCO-BoRNBP
_bspa
_cCO-BoRNBP
_erda
041 1 _heng
082 0 4 _a808.84
_bC32c
100 1 _aChesterton, Gilbert Keith,
_d1874-1936
_eautor
245 1 0 _aCorrer tras el propio sombrero
_by otros ensayos
_cGilbert Keith Chesterton ; traducido por Miguel Temprano García ; selección y prólogo de Alberto Manguel
250 _aPrimera edición
264 1 _aBarcelona
_bAcantilado
_c2010
300 _a628 páginas
_c21 cm
336 _atexto
_btxt
_2rdacontent
337 _asin mediación
_bn
_2rdamedia
338 _avolumen
_bnc
_2rdacarrier
490 0 _a Acantilado
_v119
500 _aIncluye datos biográficos del autor en la solapa
505 1 _aLa paradoja andante -- Escribir mal -- El pobre Shakespeare -- Defensa de las novelas de detectives -- Defensa del absurdo -- Los monstruos y la edad media -- El ideal americano -- El defensor -- El culto a los ricos
534 _tOn lying in bed and other essays
600 1 4 _aChesterton, Gilbert Keit,
_d1874-1936
_xCrítica e interpretación
_9130435
650 1 4 _aEnsayos ingleses
_ySiglo XIX
_2LEMB
650 1 4 _aLiteratura inglesa
_ySiglo XIX
_2LEMB
650 1 4 _aSecretos
_vEnsayo
_2LEMB
650 1 4 _aSombreros
_vEnsayo
_2LEMB
700 1 _aManguel, Alberto,
_d1948-
_epróloguista
700 1 _aTemprano García, Miguel
_etraductor
942 _2ddc
_cBKLIT
999 _c4863
_d4863